Statistics for European Countries not in either NATO or EU

Click here to take the quiz!

General Stats

  • This quiz has been taken 206 times
    (158 since last reset)
  • The average score is 23 of 28

Answer Stats

Not in EU% Correct
United KIngdom
96%
Serbia
94%
Norway
93%
Albania
92%
Russia
92%
Belarus
91%
Ukraine
91%
Andorra
90%
Liechtenstein
90%
Sweden
90%
Switzerland
90%
Montenegro
89%
Vatican City
89%
San Marino
88%
Moldova
86%
Bosnia and Herzegovina
85%
Iceland
85%
Finland
83%
Kosovo
83%
Malta
83%
Macedonia
81%
Monaco
81%
Turkey
79%
Ireland
78%
Austria
75%
Georgia
61%
Azerbaijan
59%
Kazakhstan
43%

Score Distribution

Percentile by Number Answered

Percent of People with Each Score

Your Score History

You have not taken this quiz since the last reset